Quizzes
Events
Quiz Creation
Community
Videos
Private Events
Remove Ads
Sign In
Join for FREE
Feedback
Dark Mode
Quiz Categories
Sports
Geography
Music
Movies
Television
Just For Fun
Miscellaneous
History
Literature
Language
Science
Gaming
Entertainment
Religion
Holiday
For Kids
Quiz Lab
Recent
Popular Today
Quiz Kudos Today
Editor Picks
Curator Picks
Quizzes by...
Day
Popularity
Type
Ratings
Length
Year
Community
Subscriptions
Recent Discussions
Orange Saloon
Badges
Playlists
Quests
Create
Leaderboards
Showdown
Live 5
Trivia Bingo
Activity
Puzzle Library
Sporcle Events
Private Events
Virtual Trivia
Globe League
Become a Host
Pub Owners
SporcleCon
Opinionation
Our Games
Videos
Blog
Mobile Apps
Partnerships
Remove Ads and Go Orange
Feedback
Music
Pop Music
The Beatles
Song
Album
Lyrics
Bands
Singers
Artist
Clip
Rock
Rap
Classical
Billboard
Country Music
Kpop
Taylor Swift
Music
Pop Music
The Beatles
Song
Album
Lyrics
Bands
Singers
Artist
Clip
Rock
Rap
Classical
Billboard
Country Music
Kpop
Taylor Swift
Random Quiz
Search Sporcle
×
Quiz Lab
Quiz Lab
Music
Lyrics
Type in answers that appear in a list
Type in answers that appear in a list
Classic
Best Score? Go Orange.
Figure Out The Lyrics To This Michael Jackson Song? Stats
Can you name the Figure Out The Lyrics To This Michael Jackson Song??
By
switchfootgirl
9m
200 Questions
945 Plays
945 Plays
945 Plays
Comments
Comments
Give Quiz Kudos
Give Quiz Kudos
-
- Ratings
hide this ad
Replay
Link that replays current quiz
Next Quiz
Link to next quiz in quiz playlist
You Got
0%
They Got
Avg Score
56%
Avg Friend Score
Upgrade to see
Score Distribution
Jump to the score distribution portion of the page
Score
0/200
Timer
09:00
0
Plays Today
Words
% Correct
I
92.5%
I
92.5%
I
92.5%
I
92.5%
I
92.5%
I
92.5%
I
92.5%
I
92.5%
and
92%
A
92%
and
92%
A
92%
And
92%
the
92%
a
92%
And
92%
And
92%
the
92%
And
92%
the
92%
a
92%
And
92%
And
92%
And
92%
the
92%
And
92%
and
92%
And
92%
the
92%
the
92%
the
92%
the
92%
You
85.1%
you
85.1%
You
85.1%
you
85.1%
You
85.1%
you
85.1%
you
85.1%
you
85.1%
you
85.1%
You
85.1%
You
85.1%
You
85.1%
you
85.1%
you
85.1%
you
85.1%
you
85.1%
You
85.1%
you
85.1%
you
85.1%
you
85.1%
you
85.1%
you
85.1%
you
85.1%
you
85.1%
Me
75%
me
75%
me
75%
me
75%
me
75%
love
72.7%
love
72.7%
love
72.7%
love
72.7%
love
72.7%
love
72.7%
Words
% Correct
love
72.7%
love
72.7%
love
72.7%
love
72.7%
be
67.6%
he
66.8%
he
66.8%
to
66.6%
to
66.6%
it
65%
My
64%
my
64%
my
64%
my
64%
Do
62.3%
do
62.3%
Do
62.3%
do
62.3%
in
62.1%
in
62.1%
in
62.1%
in
62.1%
she
60.1%
she
60.1%
that
55.1%
that
55.1%
that
55.1%
so
53.7%
so
53.7%
so
53.7%
so
53.7%
so
53.7%
Your
51.9%
When
49.7%
know
49.5%
know
49.5%
know
49.5%
for
48.9%
girl
48.6%
girl
48.6%
girl
48.6%
girl
48.6%
girl
48.6%
girl
48.6%
girl
48.6%
girl
48.6%
girl
48.6%
girl
48.6%
girl
48.6%
Girl
48.6%
girl
48.6%
girl
48.6%
like
46.3%
like
46.3%
this
45.6%
say
44.1%
say
44.1%
too
42.6%
Just
42.1%
Just
42.1%
time
40.8%
time
40.8%
time
40.8%
time
40.8%
world
39.9%
world
39.9%
world
39.9%
Words
% Correct
world
39.9%
world
39.9%
have
39.3%
All
39.2%
All
39.2%
All
39.2%
All
39.2%
then
37.7%
With
36.7%
With
36.7%
I'll
35.1%
came
32.9%
came
32.9%
came
32.9%
came
32.9%
came
32.9%
true
32%
true
32%
says
30.6%
says
30.6%
says
30.6%
says
30.6%
More
30.2%
day
29.7%
Liberian
29%
Liberian
29%
Liberian
29%
Liberian
29%
Liberian
29%
Liberian
29%
Liberian
29%
Liberian
29%
Liberian
29%
Liberian
29%
Liberian
29%
Liberian
29%
Liberian
29%
changed
28.9%
changed
28.9%
changed
28.9%
changed
28.9%
changed
28.9%
than
27.9%
movies
27.8%
two
27.8%
movies
27.8%
two
27.8%
new
26.7%
Any
24.9%
brand
24.3%
feeling
24.1%
we'll
23.9%
lovers
23.8%
lovers
23.8%
wait
22.2%
scene
22%
scene
22%
forever
21.5%
kiss
20.5%
smile
19.3%
pearl
18.5%
complete
18.1%
precious
17.9%
endlessly
16.8%
endlessly
16.8%
Ooh
15.9%
Quiz Playlist
Details
Report
Send in Message
Add To Playlist
Classic:
Type in answers that appear in a list
Last Updated: Feb 19, 2017
Quiz Scoreboard
CHALLENGE
Sign Up to Join the Scoreboard
Show All
Scores
Hide
Comments
May contain spoilers
Recently Published
Click the 1999 NBA Draft
by nibperrychub
Sports
2m
Alphabetical 'K' Countries by Flag Minefield
by ylime102
Geography
3m
Pick 6: Fruits
by JohnFran
Miscellaneous
15s
More to Explore
Quiz From the Vault
Featured Blog Post
15 Basketball Trivia Facts You Can Be March Mad About
hide this ad
You Might Also Like...
Tags
Lyrics Quiz
Song Quiz
Figure Out the Lyrics
jackson
michael
Michael Jackson
Today's Top Quizzes in Music
Browse Music
hide this ad
Today's Top Quizzes in Lyrics
Browse Lyrics
Top Contributed Quizzes in Music
1
Taylor Swift All Songs (2024)
2
KPOP LOGIC QUIZ
3
A Taylor Swift Logic Puzzle
4
Guess the Taylor Swift song (Mystery Song)
5
K-Pop Murder Mystery Logic Quiz
6
Taylor Swift Logic Puzzle
7
Guess The Taylor Swift Lyrics Song #1
8
kpop group name match up
9
NCT 2020 Logic Puzzle
10
K-Pop : 100 Debut Songs (Part 1 of 3)
Explore More
Trending Topics
Disney
Harry Potter
Marvel
Anime
NBA
Kpop
Crossword
NFL
Soccer
Country
The Office
Pokémon
WWE
Song
Puzzle
hide this ad
More By:
switchfootgirl
Quiz
Plays
Rating
Category
Featured
Created
Pick the Songs on Nevermind
8,041
4.73
Music
May 11, 2012
Click In The Blank (Movies)
6,121
3.86
Movies
May 1, 2012
Top 50 Girl Baby Names 2005
4,944
3.79
Miscellaneous
Oct 14, 2009
Click In The Blank (Songs)
3,723
4.57
Music
May 1, 2012
Top 300 Songs Of All Time
1,548
5.00
Music
Jun 17, 2012
Go to Creator's Profile
Score Distribution
Quiz Creator Spotlight
switchfootgirl
Follow
Send a Message
Quizzes Created
-
Created Quiz Play Count
-
More By This Creator
Popular Quizzes Today
1
Countries of Asia Without Outlines Minefield
2
Find the US States - No Outlines Minefield
3
Pick 6: Fruits
4
Alphabetical 'K' Countries by Flag Minefield
5
The Countries of the World
6
Find the US States
7
US States
8
Match the Book to the Film X
More Music Quizzes
Find the Piano Notes
Published
Trending Quizzes
Pick 6: Mountains
Pick 6: Harry Potter
Pick 6: NFL Teams
Pick 6: Movie Franchises
Pick 6: Golfers
Recently Updated
NWSL Teams
pecheneg
Women's Final Four Teams by Year
bhenderson79
Presidents Quartet II
eogle
Anything But Clue(do)
eogle
Anything But Oceanian Capitals
eogle
Anything But 7
eogle
Anything But Thing
eogle
Word Ladder: February 29
pecheneg
Song Title Questions
pecheneg
Women's NCAA Tournament #1 Seeds
pecheneg
Trending Topics
Marvel
Anime
Disney
Kpop
Harry Potter
Crossword
NBA
NFL
Pokémon
The Office
WWE
Song
Soccer
Puzzle
Country
Your Account Isn't Verified!
In order to create a playlist on Sporcle, you need to verify the email address you used during registration. Go to your
Sporcle Settings
to finish the process.
Report this User
Report this user for behavior that violates our
Community Guidelines
.
Details:
Send Report
Go to the Sporcle.com Mobile Site →
Comments